Statistiques concernant Fifa 16 : Les gardiens à >80 de général

Cliquez ici pour prendre le quiz!

Statistiques générales

  • Ce quiz a été pris 168 fois
  • Le résultat moyen est 17 sur 40

Statistiques - réponses

GénéralGardienClub% Correct
90Manuel NeuerBayern Munich
99%
85Hugo LlorisTottenham
97%
86David De GeaManchester United
94%
86Thibaut CourtoisChelsea
93%
82Marc-André Ter StegenFC Barcelone
88%
80Kiko CasillaEspanyol Barcelone
86%
83Gianluigi BuffonJuventus Turin
79%
82Steve MandandaOlympique de Marseille
72%
85Petr ČechChelsea
70%
83Stéphane RuffierAS Saint-Etienne
70%
84Iker CasillasReal Madrid
66%
83Salvatore SiriguParis Saint Germain
64%
83Joe HartManchester City
59%
80Kevin TrappEintracht Francfort
57%
83Claudio BravoFC Barcelone
54%
83Samir HandanovičInter Milan
53%
80Anthony LopesOlympique lyonnais
52%
83Fernando MusleraGalatasaray
49%
83Victor ValdésManchester United
48%
81Yann SommerBorussia Mönchengladbach
42%
80Danijel SubašićAS Monaco
35%
83Bernd LenoBayer Leverkusen
28%
80Cédric CarrassoGirondins de Bordeaux
28%
81Diego LópezAC Milan
28%
80José ReinaBayern Munich
27%
80Rui PatrícioSporting Portugal
25%
81Roman WeidenfellerBorussia Dortmund
23%
80Simon MignoletLiverpool
23%
81Vincent EnyeamaLOSC
23%
82Igor AkinfeevCSKA Moscou
22%
82Júlio CésarBenfica
21%
80Jasper CillessenAjax Amsterdam
17%
82Asmir BegovićStoke City
12%
82Diego AlvesValence
12%
80Sergio AsenjoVillarreal
8%
80MoyáAtletico Madrid
6%
80BetoFC Séville
3%
80Diego BenaglioWolfsburg
3%
80Volkan DemirelFenerbahçe
1%
80Onur KivrakTrabzonspor
0%

Distribution des résultats

Percentile par nombre de réponses

% des personnes avec chaque résultat

Votre développement - résultats

Vous n’avez pas pris ce quiz